000 00511nam a22001817a 4500
999 _c16138
_d16138
003 AR-CdUCM
008 190403b ||||| |||| 00| 0 spa d
040 _aMUNICIPALIDAD PROVINCIAL DEL CUSCO
_cBIBLIOTECA MUNICIPAL DEL CUSCO
082 _aEP / 398 /
_bAR66
100 _aAráoz Chacón, Jaime.
_929210
245 _aLiqichu /
260 _aCusco :
_bUnicef,
_c2010.
300 _c27 cm
650 _aIdioma quechua.
_927790
650 _aCastellano
_97963
942 _2ddc
_cLIBROS
945 _arum
_d2019-05-02